| LEADER | 02282nam a2200325 a 4500 | ||
|---|---|---|---|
| 003 | GR-PAULI | ||
| 005 | 20210330112408.0 | ||
| 008 | 021017s2015 gr f 1 gre d | ||
| 952 | |0 0 |1 0 |2 ddc |4 0 |6 907_200000000000000_CAR |7 0 |9 239573 |a LISP |b LISP |c BSC |d 2020-02-24 |i 15741 |l 1 |o 907.2 CAR |p 025000267866 |r 2024-07-10 00:00:00 |s 2024-02-19 |t 1 |v 2020.00 |w 2020-02-24 |y BK15 |x Μεταφορά από Αγρίνιο για Ιστορίας-Αρχαιολογίας (11/22) | ||
| 952 | |0 0 |1 0 |2 ddc |4 0 |6 907_200000000000000_CAR |7 0 |9 239574 |a LISP |b LISP |c ALFh |d 2020-02-24 |i 15742 |l 0 |o 907.2 CAR |p 025000267867 |r 2020-02-24 00:00:00 |t 2 |v 2020.00 |w 2020-02-24 |y BK15 |x Μεταφορά από Αγρίνιο για Ιστορίας-Αρχαιολογίας (11/22) | ||
| 952 | |0 0 |1 4 |2 ddc |4 0 |6 907_200000000000000_CAR |7 0 |9 239575 |a LISP |b LISP |c BSC |d 2020-02-24 |i 15743 |l 0 |o 907.2 CAR |p 025000267868 |r 2020-02-24 00:00:00 |t 3 |v 2020.00 |w 2020-02-24 |y BK15 |x Μεταφορά από Αγρίνιο για Ιστορίας-Αρχαιολογίας (11/22) | ||
| 952 | |0 0 |1 0 |2 ddc |4 0 |6 907_200000000000000_CAR |7 0 |9 353131 |a LISA |b LISA |c BSC |d 2021-12-06 |i 16425 |l 0 |o 907.2 CAR |p 025000278373 |r 2021-12-06 00:00:00 |t 4 |w 2021-12-06 |y BK15 | ||
| 999 | |c 144637 |d 144637 | ||
| 020 | |a 9789601662879 | ||
| 040 | |a GR-PaULI |b gre |c GR-PaULI |d GR-AiPI |e AACR2 | ||
| 041 | |a gre |h eng | ||
| 082 | 1 | 4 | |a 907.2 |2 23 |
| 100 | 1 | |a Carr, Edward Hallett |d 1892-1982 |e συγγραφέας. |9 12902 | |
| 245 | 1 | 3 | |a Τι είναι ιστορία; |b σκέψεις για τη θεωρία της ιστορίας και τον ρόλο του ιστορικού / |c E.H. Carr ; μετάφραση Ανδρέας Παππάς. |
| 260 | |a Αθήνα : |b Πατάκης, |c 2015. | ||
| 300 | |a 260 σ. ; |c 21 εκ. | ||
| 490 | 1 | |a Θεωρητικές επιστήμες. Ιστορία / Πατάκης | |
| 500 | |a Τίτλος πρωτοτύπου : What is history? | ||
| 500 | |a Περιλαμβάνει ευρετήριο. | ||
| 650 | 4 | |a Ιστορία |x Φιλοσοφία |9 7177 | |
| 650 | 4 | |a Ιστορία |x Έρευνα |9 32018 | |
| 700 | 1 | |a Παππάς, Ανδρέας |9 8157 |e μεταφραστής. | |
| 830 | 0 | |9 164321 |a Θεωρητικές επιστήμες. Ιστορία (Πατάκης) | |
| 942 | |2 ddc |c BK15 | ||
| 998 | |c ΜΙΧΟΣΤΑΥΡΟΥ |d 2020-02 | ||